| 000 | 00351nam a22001217a 4500 | ||
|---|---|---|---|
| 082 |
_a338.5 _bHEN _cD |
||
| 245 |
_aMicroeconimc theory : a mathematical approach _cHenderson |
||
| 260 |
_aNew York _bThe world bank _c1958 |
||
| 300 |
_axvi, 421 p. : _bill, ; _c24 cm. |
||
| 526 |
_a0 _b0 _c0 _d338_500000000000000_HEN |
||
| 650 |
_aMCE _9379 |
||
| 942 |
_2ddc _cBK |
||
| 999 |
_c542128 _d542128 |
||